000
00266nam a2200109Ia 4500
005
20251222153625.0
008
251222s9999||||xx |||||||||||||| ||spa||
082
_a
709/A61
100
_a
"Angulo IƱiguez, Diego"
245
0
_a
Manual de historia del arte
942
_c
LIB
999
_c
32142
_d
32142